000 00603nam a2200205 i 4500
001 bg
100 1 _aPAJESTKA, Józef.
245 1 0 _aCo o tym myślą inni ? :
_bglobaliści o transformacji systemowej /
_cJózef Pajestka.
260 _aKatowice :
_b"amp",
_c1993.
300 _a115 s. ;
_c21 cm.
504 _aBibliogr. s. 111-114. - Indeks.
650 9 _aTransformacja systemu społeczno-gospodarczego
020 _a8385607048
040 _cBPK
041 0 _apl
080 _a338.22(438+4-11)"1989/..."
920 _a83-85607-04-8
942 _cKS
008 s pl f |000 0 pol
999 _c32541
_d32541
856 _uhttp://koha.tu.koszalin.pl/cgi-bin/koha/opac-detail.pl?biblionumber=32541
_yKatalog online BPK